Lessons of experience : Annual World Bank conference on development economics
Zapisane w:
| 1. autor: | |
|---|---|
| Format: | Książka |
| Język: | Undetermined |
| Wydane: |
Washington,The Worldbank
2005
|
| Hasła przedmiotowe: | |
| Etykiety: |
Dodaj etykietę
Nie ma etykietki, Dołącz pierwszą etykiete!
|
| Thư viện lưu trữ: | Trung tâm Học liệu Trường Đại học Cần Thơ |
|---|
| LEADER | 00577nam a2200193Ia 4500 | ||
|---|---|---|---|
| 001 | CTU_76026 | ||
| 008 | 210402s9999 xx 000 0 und d | ||
| 082 | |a 330.9172 | ||
| 082 | |b B772 | ||
| 100 | |a Bourguinon, Francois | ||
| 245 | 0 | |a Lessons of experience : | |
| 245 | 0 | |b Annual World Bank conference on development economics | |
| 245 | 0 | |c Francois Bourguinon, Boris Pleskovic | |
| 260 | |b Washington,The Worldbank | ||
| 260 | |c 2005 | ||
| 650 | |a Economics | ||
| 650 | |x Development | ||
| 904 | |i Nguyên,Hải | ||
| 980 | |a Trung tâm Học liệu Trường Đại học Cần Thơ | ||